Thơ trữ tình bằng việt
Na minha lista:
| Formato: | Livro |
|---|---|
| Publicado em: |
H.
Hội Nhà văn
2000
|
| Assuntos: | |
| Tags: |
Adicionar Tag
Sem tags, seja o primeiro a adicionar uma tag!
|
| Thư viện lưu trữ: | Trung tâm Học liệu Lê Vũ Hùng, Trường Đại học Đồng Tháp |
|---|
| LEADER | 00643pam a22002058a 4500 | ||
|---|---|---|---|
| 001 | 00020920 | ||
| 005 | 20171026081022.0 | ||
| 008 | 110520s2000 ||||||Viesd | ||
| 041 | 0 | # | |a Vie |
| 082 | 1 | 4 | |a 895.922 1 |b TH460TR |
| 245 | 0 | 0 | |a Thơ trữ tình bằng việt |
| 260 | # | # | |a H. |b Hội Nhà văn |c 2000 |
| 300 | # | # | |a 89 tr. |c 19 cm. |
| 500 | # | # | |a ĐTTS ghi: Tủ sách thơ trữ tình |
| 653 | # | # | |a Thơ |
| 653 | # | # | |a Văn học Việt nam |
| 852 | # | # | |b Kho đọc |j KD.0006378 |
| 852 | # | # | |j KD.0006378 |
| 910 | 0 | # | |a Thư |d 20/05/2011 |
| 980 | # | # | |a Trung tâm Học liệu Lê Vũ Hùng, Trường Đại học Đồng Tháp |